Lens - Choix Multiples - Statistiques

Statistiques générales
  • Ce quiz a été pris 153 fois
  • Le résultat moyen est 8 sur 10
Statistiques - réponses
Question Réponse % Correct
Quelle chanson française est chantée par les supporters lensois notamment à la mi-temps des matches de leur équipe ? Les corons de Pierre Bachelet
96%
Que découvre-t-on dès 1849 sous la ville ? Du charbon
93%
Quel musée parisien a une antenne à Lens depuis 2012 ? Le musée du Louvre
89%
Au cours des années 1920 principalement, de quel pays sont originaires les milliers d'immigrés qui arrivent à Lens et dans les villes alentours ?
86%
Quelle commune frontalière de Lens porte le nom d'un moyen de transport ? Avion
85%
Lors d'une finale de Coupe de la Ligue, les supporters parisiens ont fait une référence insultante aux Lensois avec le titre d'un film, lequel ? Bienvenue chez les Ch'tis
85%
Quel joueur de football français, champion du monde en 2018, a été formé au RC Lens ? Raphaël Varane
85%
Quel animateur né à Lens est notamment célèbre pour présenter les émissions Top Chef et Pékin Express sur M6 ? Stéphane Rotenberg
75%
À qui fait référence la phrase « Un lion ne meurt jamais, il dort. » ? Un ancien joueur de football
45%
Quel bâtiment lensois est classé Monument historique, ainsi qu'au patrimoine mondial de l'UNESCO ? La gare
44%
Aucun quiz correspondant
Distribution des résultats
% des personnes avec chaque résultat
Percentile par nombre de réponses
Votre historique - résultats
Vous n’avez pas pris ce quiz